000 00589nam a22001817a 4500
003 0
005 20230904154327.0
008 230904b xxu||||| |||| 00| 0 eng d
020 _a978-971-506-871-0
050 _aPL 5539
_b.B73 2021
100 _aBrainard, Cecilia Manguera
245 _aSelected short stories
_cCecilia Manguera Brainard
260 _aManila
_bUniversity of Santo Tomas Publishing House, Inc.
_cc2021.
300 _aviii, 266 pages;
_c23 cm.
500 _aShort stories, Philippine (English).
650 _aShort stories, Philippine (English).
942 _2lcc
_cBK
999 _c365255
_d365255